000
00220 a2200097 4500
001
37802
100
_a
Nisbet
245
_a
The young earth : An Introduction
260
_a
G B
_b
Allen and Unwin
_c
090
_c
23994
_d
23994
942
_a
NUST-CAE
_c
M
_c
15551
999
_c
272875
_d
272875